[Event "SR 2. liga A 2015/2016"]
[Site "?"]
[Date "2016.01.24"]
[Round "7.4"]
[White "Vrbova, Niki"]
[Black "Bronis, Marian"]
[Result "1-0"]
[WhiteElo "2136"]
[BlackElo "2138"]
[PlyCount "53"]
[EventDate "2015.??.??"]

1. e4 g6 2. d3 e5 3. f4 d6 4. Nf3 Bg7 5. c3 Nc6 6. Be2 Nge7 7. O-O O-O 8. a4
Be6 9. Ng5 d5 10. fxe5 dxe4 11. Nxe6 fxe6 12. d4 Rxf1+ 13. Qxf1 Nd5 14. Bg4 Qe7
15. Qe2 e3 16. Bxe3 Nxe3 17. Qxe3 h5 18. Bf3 Kh7 19. Nd2 Bh6 20. Qe2 Na5 21.
Ne4 Rd8 22. Rf1 b6 23. b4 Nb3 24. Qc2 Nxd4 25. cxd4 Rxd4 26. Nf6+ Kg7 27. Bxh5
1-0

[Event "SR 2. liga A 2015/2016"]
[Site "?"]
[Date "2016.01.24"]
[Round "7.4"]
[White "Biro, Karol"]
[Black "Petrik, Stanislav"]
[Result "0-1"]
[WhiteElo "2084"]
[BlackElo "2125"]
[PlyCount "134"]
[EventDate "2015.??.??"]

1. Nf3 Nf6 2. g3 b5 3. Bg2 Bb7 4. O-O e6 5. d3 d5 6. Nbd2 Nbd7 7. e4 dxe4 8.
dxe4 e5 9. Qe2 a6 10. Rd1 Bd6 11. Nh4 g6 12. Nb3 Rb8 13. Bh6 Qe7 14. Rd2 Nb6
15. Na5 Ba8 16. c3 Nfd7 17. Rad1 f6 18. Qg4 Nc5 19. Be3 Ne6 20. Bh3 Kf7 21. Bh6
Rhe8 22. Bg2 Ng5 23. Bxg5 fxg5 24. Nf3 h6 25. h4 Kg7 26. h5 gxh5 27. Qxh5 Bxe4
28. Nh4 Bh7 29. Nf3 Qf7 30. Qxf7+ Kxf7 31. Nh2 Bf5 32. Nf1 Rf8 33. Ne3 Bg6 34.
Nc6 Rbe8 35. Re2 Kg7 36. b3 h5 37. Nd5 Nxd5 38. Rxd5 Bf7 39. Rdd2 h4 40. gxh4
gxh4 41. Rd3 Bh5 42. Red2 Rf4 43. Re3 Kf6 44. Nb4 Rg4 45. Re4 Reg8 46. Rxg4
Bxg4 47. Kh1 Bc8 48. Nd5+ Kg5 49. Be4 h3 50. f3 Kh4 51. Kh2 Rg7 52. b4 Be6 53.
Ne3 Rf7 54. a3 Be7 55. Rd1 Bg5 56. Nd5 c6 57. Nb6 Bf4+ 58. Kh1 Be3 59. Na8 Bd5
60. Re1 Bxe4 61. fxe4 Bd2 62. Rg1 Bxc3 63. Rg8 Rf1+ 64. Kh2 Bd2 65. Rh8+ Kg4
66. Rg8+ Kf3 67. Rf8+ Bf4+ 0-1

[Event "SR 2. liga A 2015/2016"]
[Site "?"]
[Date "2016.01.24"]
[Round "7.4"]
[White "Polacik, Igor"]
[Black "Petreje, Juraj"]
[Result "1-0"]
[WhiteElo "2114"]
[BlackElo "2039"]
[PlyCount "49"]
[EventDate "2015.??.??"]

1. e4 d6 2. c4 g6 3. d4 Bg7 4. Nc3 Nd7 5. Bg5 c6 6. Qd2 Qc7 7. Be2 a6 8. Nf3 e5
9. dxe5 dxe5 10. O-O Nc5 11. Be3 Ne6 12. Na4 Nf6 13. Qc2 Nd7 14. c5 O-O 15.
Rfd1 Re8 16. Rac1 Rb8 17. Bc4 Ndf8 18. b4 Qe7 19. Nb6 Bd7 20. Bb3 Rbd8 21. Nc4
Rb8 22. Nfxe5 Bc8 23. Nf3 Rd8 24. Rxd8 Nxd8 25. Bf4 1-0

[Event "SR 2. liga A 2015/2016"]
[Site "?"]
[Date "2016.01.24"]
[Round "7.4"]
[White "Povysil, Peter"]
[Black "Petrik, Karol"]
[Result "0-1"]
[WhiteElo "1985"]
[BlackElo "2092"]
[PlyCount "88"]
[EventDate "2015.??.??"]

1. Nf3 c5 2. e3 Nf6 3. d4 g6 4. Be2 Bg7 5. O-O O-O 6. c4 d6 7. Nc3 Nc6 8. d5
Na5 9. Re1 a6 10. e4 Bd7 11. Rb1 Rb8 12. a4 Ne8 13. Qc2 Qb6 14. b3 Qd8 15. Bd2
Nc7 16. e5 Ne8 17. Bf4 Bg4 18. h3 Bxf3 19. Bxf3 dxe5 20. Bxe5 Bxe5 21. Rxe5 Nd6
22. Rbe1 Re8 23. Ne4 b5 24. cxb5 axb5 25. Qxc5 Nxb3 26. Qb4 bxa4 27. Qxa4 Nxe4
28. Qxe4 Nd2 29. Qf4 Nxf3+ 30. gxf3 Rb6 31. Kh1 Qd7 32. Qh6 Rf6 33. Rg1 Rf5 34.
Rg5 Rxg5 35. Rxg5 Rb8 36. Kg2 Rb5 37. Rg4 Qf5 38. h4 Rxd5 39. Rg5 Qe6 40. h5
Rxg5+ 41. Qxg5 f6 42. Qg3 Qf5 43. Qb8+ Kg7 44. hxg6 Qxg6+ 0-1

[Event "SR 2. liga A 2015/2016"]
[Site "?"]
[Date "2016.01.24"]
[Round "7.4"]
[White "Goga, Frantisek"]
[Black "Mandak, Miroslav"]
[Result "0-1"]
[WhiteElo "1983"]
[BlackElo "2026"]
[PlyCount "74"]
[EventDate "2015.??.??"]

1. e4 c5 2. Nf3 e6 3. b3 Nc6 4. Bb2 a6 5. a4 b6 6. d4 cxd4 7. Nxd4 Bb7 8. Nxc6
Bxc6 9. Bd3 Nf6 10. Qe2 Bb7 11. O-O Qc7 12. c4 Bc5 13. Nd2 e5 14. Kh1 d6 15.
Nb1 Bc8 16. Nc3 Bd4 17. Rac1 Qd7 18. Ba3 Bb7 19. Bb1 O-O 20. Nd5 Nxd5 21. exd5
f5 22. Rcd1 Rae8 23. Bc1 b5 24. axb5 axb5 25. Rd3 bxc4 26. bxc4 Ba6 27. Rg3 Qf7
28. Bh6 e4 29. Bf4 Be5 30. Bxe5 Rxe5 31. Qa2 Bc8 32. Qa3 Qe7 33. Ba2 f4 34. Rc3
e3 35. fxe3 fxe3 36. Rxf8+ Qxf8 37. Qc1 e2 0-1

[Event "SR 2. liga A 2015/2016"]
[Site "?"]
[Date "2016.01.24"]
[Round "7.4"]
[White "Kebis, Milos"]
[Black "Orosi, Peter"]
[Result "0-1"]
[WhiteElo "1969"]
[BlackElo "2048"]
[PlyCount "40"]
[EventDate "2015.??.??"]

1. d4 d5 2. Nf3 Nf6 3. c4 c6 4. Nc3 dxc4 5. a4 Bf5 6. e3 e6 7. Bxc4 Bb4 8. O-O
O-O 9. Nh4 Nbd7 10. Nxf5 exf5 11. Bd3 g6 12. Qb3 Qb6 13. Na2 Bd6 14. Qc2 c5 15.
Bd2 cxd4 16. a5 Qc5 17. exd4 Qxd4 18. Bc3 Bxh2+ 19. Kxh2 Qh4+ 20. Kg1 Ng4 0-1

[Event "SR 2. liga A 2015/2016"]
[Site "?"]
[Date "2016.01.24"]
[Round "7.5"]
[White "Rohacek, Miroslav"]
[Black "Janos, Martin"]
[Result "1-0"]
[WhiteElo "2293"]
[BlackElo "2260"]
[PlyCount "103"]
[EventDate "2015.??.??"]

1. d4 c5 2. d5 e5 3. e4 d6 4. Bb5+ Nd7 5. a4 Be7 6. Nd2 Ngf6 7. Ngf3 O-O 8. O-O
Rb8 9. a5 Qc7 10. Re1 Rd8 11. Bf1 Nf8 12. b3 Ng6 13. Nc4 Bd7 14. Bd2 Ra8 15.
Na3 Rf8 16. Bb5 Bc8 17. Bd3 Nxe4 18. Nb5 Qd8 19. Bxe4 f5 20. Bd3 e4 21. Bc4
exf3 22. Qxf3 Bf6 23. Bc3 a6 24. Bxf6 Rxf6 25. Nc3 Bd7 26. Ne2 f4 27. Nc3 Ne5
28. Rxe5 dxe5 29. Ne4 Rg6 30. Nxc5 Rc8 31. b4 Bg4 32. Qe4 Qg5 33. d6+ Kh8 34.
Qxb7 Bh3 35. Be6 Qxg2+ 36. Qxg2 Bxg2 37. Bf5 Rg5 38. h4 Rxf5 39. Kxg2 f3+ 40.
Kg3 g5 41. h5 g4 42. Re1 Rxh5 43. Kxg4 Rh6 44. d7 Rf8 45. Rxe5 Rg6+ 46. Rg5 Rd6
47. c3 Rd1 48. Rf5 Rxf5 49. Kxf5 Kg8 50. Kf6 h5 51. b5 h4 52. bxa6 1-0

[Event "SR 2. liga A 2015/2016"]
[Site "?"]
[Date "2016.01.24"]
[Round "7.5"]
[White "Fabry, Robert"]
[Black "Karas, Marek"]
[Result "1/2-1/2"]
[WhiteElo "2099"]
[BlackElo "2234"]
[PlyCount "124"]
[EventDate "2015.??.??"]

1. Nf3 Nf6 2. b3 g6 3. Bb2 Bg7 4. e3 O-O 5. Be2 c5 6. O-O d5 7. d3 Nc6 8. Nbd2
d4 9. e4 e5 10. Re1 Ne8 11. Nf1 Nd6 12. Ng3 Be6 13. Nd2 h5 14. Bf3 h4 15. Ngf1
b5 16. a4 a6 17. Qe2 Qd7 18. h3 Nb4 19. Rec1 Nc6 20. Re1 Rac8 21. Nh2 c4 22.
axb5 axb5 23. bxc4 bxc4 24. Nxc4 Nxc4 25. dxc4 Nb8 26. c5 Rfe8 27. Ba3 Qc7 28.
Qd2 Nd7 29. Be2 Nxc5 30. Bxc5 Qxc5 31. Bd3 Qe7 32. Nf3 Rb8 33. Ra5 Ra8 34. Rea1
Rxa5 35. Rxa5 Bd7 36. Ra7 Qd8 37. Qa5 Qxa5 38. Rxa5 Bf6 39. Rc5 g5 40. Nh2 Rc8
41. Rxc8+ Bxc8 42. Ng4 Bg7 43. Nh2 Kf8 44. f3 Ke7 45. Ng4 Kd6 46. Nf2 Kc5 47.
Nd1 Kb4 48. Kf2 Be6 49. Ke2 Bh6 50. Nf2 Ka3 51. Ng4 Bg7 52. Nf2 Kb2 53. Kd2 Bf8
54. Nd1+ Ka2 55. Bb5 Bb4+ 56. Kd3 Kb1 57. c3 dxc3 58. Nxc3+ Bxc3 59. Kxc3 Kc1
60. Kd3 Kd1 61. Ke3 Ke1 62. Bd3 f6 1/2-1/2

[Event "SR 2. liga A 2015/2016"]
[Site "?"]
[Date "2016.01.24"]
[Round "7.5"]
[White "Sahidi, Samir"]
[Black "Tepper, Frantisek"]
[Result "1-0"]
[WhiteElo "2224"]
[BlackElo "2124"]
[PlyCount "127"]
[EventDate "2015.??.??"]

1. e4 e5 2. Nf3 Nc6 3. Bc4 Be7 4. O-O Nf6 5. Re1 d6 6. d4 O-O 7. c3 Bg4 8. d5
Nb8 9. h3 Bc8 10. Bd3 Ne8 11. c4 Nd7 12. Be3 g6 13. Qc2 Ng7 14. Nbd2 f5 15. Bh6
f4 16. Bxg7 Kxg7 17. Nh2 Nf6 18. b4 g5 19. Be2 h5 20. Qd1 Kh6 21. Rc1 Rg8 22.
f3 a5 23. a3 b6 24. Nb3 a4 25. Nd2 Bd7 26. Rc3 Qc8 27. Kh1 Rg6 28. Rg1 Qg8 29.
Qf1 Kh7 30. Qf2 Qf8 31. Bd1 Kg7 32. Be2 Kh7 33. Rgc1 Kg7 34. Kg1 Qf7 35. Kf1
Qf8 36. Ke1 Qd8 37. Kd1 Kh6 38. Kc2 Bc8 39. Kb2 Kg7 40. Bd1 h4 41. Bc2 Bb7 42.
Qe2 Ra7 43. Qd1 Qa8 44. Nb1 Nd7 45. Ng4 Kh8 46. Nf2 Rg7 47. Rd3 Bd8 48. Nc3 Ba6
49. Bxa4 Bxc4 50. Bc6 Qb8 51. Nb5 Bxb5 52. Bxb5 Qb7 53. Qc2 Nb8 54. Bc6 Qa6 55.
Qc4 Qxc4 56. Rxc4 Kh7 57. Nd1 Kg8 58. Nc3 Nxc6 59. Rxc6 Kf7 60. Nb5 Rb7 61. Kb3
Ke8 62. a4 Kd7 63. Kc4 Rg8 64. a5 1-0

[Event "SR 2. liga A 2015/2016"]
[Site "?"]
[Date "2016.01.24"]
[Round "7.5"]
[White "Janos, Jozef"]
[Black "Kralovic, Andrej"]
[Result "1/2-1/2"]
[WhiteElo "2118"]
[BlackElo "2218"]
[PlyCount "51"]
[EventDate "2015.??.??"]

1. Nf3 Nf6 2. d4 d5 3. c4 c6 4. e3 Bf5 5. Nc3 e6 6. Qb3 Qb6 7. c5 Qc7 8. Be2 h6
9. Bd2 Nbd7 10. Rc1 Be7 11. Qa4 O-O 12. b4 a6 13. Nh4 Bh7 14. f4 Ne4 15. Nf3
Nxd2 16. Nxd2 b5 17. Qb3 a5 18. a3 axb4 19. axb4 Ra6 20. Qb2 Rfa8 21. Nb3 Nf6
22. O-O Ne4 23. Na5 Nxc3 24. Rxc3 Bd8 25. Ra3 Qc8 26. Rfa1 1/2-1/2

[Event "SR 2. liga A 2015/2016"]
[Site "?"]
[Date "2016.01.24"]
[Round "7.5"]
[White "Macko, Miroslav"]
[Black "Mikulas, Dusan"]
[Result "1-0"]
[WhiteElo "2172"]
[BlackElo "2066"]
[PlyCount "75"]
[EventDate "2015.??.??"]

1. e4 e5 2. Nf3 Nc6 3. Bb5 g6 4. O-O Bg7 5. Nc3 Nge7 6. d3 O-O 7. a3 d6 8. h3
h6 9. Bc4 Kh7 10. Nh2 f5 11. f3 f4 12. b4 g5 13. b5 Nd4 14. Ne2 Nxe2+ 15. Qxe2
d5 16. Bb3 dxe4 17. Qxe4+ Bf5 18. Qc4 e4 19. c3 exd3 20. Rd1 c6 21. a4 Qb6+ 22.
Kh1 cxb5 23. axb5 Rac8 24. Qb4 Ng6 25. Bd2 Rfe8 26. Re1 Qf2 27. Bf7 Nh4 28. Rg1
Bxh3 29. gxh3 Re2 30. Bxf4 Nxf3 31. Qd6 Ne1 32. Bg6+ Kh8 33. Bg3 Qe3 34. Raxe1
d2 35. Rd1 Qxc3 36. Bf5 Qe3 37. Qg6 Rxh2+ 38. Kxh2 1-0

[Event "SR 2. liga A 2015/2016"]
[Site "?"]
[Date "2016.01.24"]
[Round "7.5"]
[White "Sturc, Jan"]
[Black "Macko, Peter"]
[Result "0-1"]
[WhiteElo "2062"]
[BlackElo "2134"]
[PlyCount "92"]
[EventDate "2015.??.??"]

1. e4 e5 2. Nf3 Nc6 3. Bb5 f5 4. Nc3 fxe4 5. Nxe4 Nf6 6. Qe2 d5 7. Ng3 Bd6 8.
Nxe5 O-O 9. Nxc6 bxc6 10. Bxc6 Rb8 11. O-O Rb6 12. Ba4 Ng4 13. h3 Nxf2 14. Rxf2
Bxg3 15. Rxf8+ Qxf8 16. Bb3 Rf6 17. Bxd5+ Kh8 18. d4 Ba6 19. c4 Rf2 20. Qd3
Rf1+ 21. Qxf1 Bh2+ 22. Kxh2 Qxf1 23. b3 Qf2 24. Ba3 Qxd4 25. Re1 h5 26. Re2 Kh7
27. Bb2 Qf4+ 28. Kg1 Bc8 29. Re7 Bf5 30. Rxg7+ Kh6 31. Re7 Bxh3 32. Re4 Qd2 33.
gxh3 Qxb2 34. h4 Qxa2 35. Re6+ Kg7 36. b4 Qd2 37. Re7+ Kf6 38. Rf7+ Ke5 39. b5
Qe1+ 40. Kg2 Qxh4 41. Rxc7 Qg4+ 42. Kh2 Qe2+ 43. Kh3 Kf6 44. Rf7+ Kg6 45. Kg3
Qe5+ 46. Kh4 Qh2# 0-1

[Event "SR 2. liga A 2015/2016"]
[Site "?"]
[Date "2016.01.24"]
[Round "7.5"]
[White "Vrtiakova, Anna"]
[Black "Kuna, Vladimir"]
[Result "1/2-1/2"]
[WhiteElo "1969"]
[BlackElo "2004"]
[PlyCount "50"]
[EventDate "2015.??.??"]

1. e4 c5 2. Nf3 d6 3. d4 cxd4 4. Nxd4 Nf6 5. Nc3 a6 6. Be3 e6 7. g4 Be7 8. Bg2
Qc7 9. Qe2 Nc6 10. g5 Nd7 11. f4 Rb8 12. O-O Na5 13. Rad1 Nc4 14. Bc1 b5 15.
Kh1 Bb7 16. f5 e5 17. Nf3 Rc8 18. Nd5 Bxd5 19. Rxd5 Ncb6 20. Rd2 Nc4 21. Rdd1
Ncb6 22. c3 Qc4 23. Qxc4 Nxc4 24. b3 Ncb6 25. Bb2 f6 1/2-1/2

[Event "SR 2. liga A 2015/2016"]
[Site "?"]
[Date "2016.01.24"]
[Round "7.5"]
[White "Hecht, Tomas"]
[Black "Lintner, Igor Ml"]
[Result "1-0"]
[WhiteElo "1973"]
[BlackElo "2077"]
[PlyCount "85"]
[EventDate "2015.??.??"]

1. e4 e6 2. d4 d5 3. Nc3 Bb4 4. e5 c5 5. a3 Bxc3+ 6. bxc3 Qc7 7. Nf3 Nc6 8. a4
Bd7 9. Bd3 cxd4 10. cxd4 Nxd4 11. Nxd4 Qc3+ 12. Bd2 Qxd4 13. O-O a5 14. Qe2 Ne7
15. c3 Qc5 16. Kh1 Rb8 17. Qg4 Bc6 18. Rac1 h5 19. Qh4 b5 20. Be3 Qa3 21. axb5
d4 22. Bxd4 g5 23. Qg3 Bb7 24. c4 h4 25. Qe3 h3 26. f3 hxg2+ 27. Kxg2 g4 28.
Be4 Qxe3 29. Bxe3 Nf5 30. Ba7 gxf3+ 31. Bxf3 Bxf3+ 32. Kxf3 Ra8 33. Bg1 f6 34.
exf6 Kf7 35. c5 Rag8 36. b6 Rh3+ 37. Ke2 Rg4 38. b7 Rb4 39. Rb1 Rh8 40. Rxb4
axb4 41. c6 Nd6 42. Ba7 Nb5 43. b8=Q 1-0

[Event "SR 2. liga A 2015/2016"]
[Site "?"]
[Date "2016.01.24"]
[Round "7.6"]
[White "Privara, Igor"]
[Black "Duben, Igor"]
[Result "1-0"]
[WhiteElo "2174"]
[BlackElo "2219"]
[PlyCount "33"]
[EventDate "2015.??.??"]

1. e4 e6 2. d4 d5 3. e5 c5 4. c3 Nc6 5. Nf3 Qb6 6. a3 a5 7. Bd3 Bd7 8. Bc2 Nh6
9. O-O Be7 10. dxc5 Bxc5 11. Nbd2 Ng4 12. Qe2 a4 13. h3 Nh6 14. b4 axb3 15.
Nxb3 Ng8 16. Rb1 Bxa3 17. Ra1 1-0

[Event "SR 2. liga A 2015/2016"]
[Site "?"]
[Date "2016.01.24"]
[Round "7.6"]
[White "Sosovicka, Matej"]
[Black "Slapak, Zdenek"]
[Result "1-0"]
[WhiteElo "2150"]
[BlackElo "2119"]
[PlyCount "111"]
[EventDate "2015.??.??"]

1. e4 e5 2. Nf3 Nc6 3. Bc4 Be7 4. d4 d6 5. dxe5 dxe5 6. Qxd8+ Bxd8 7. Nc3 Nf6
8. Bg5 O-O 9. O-O-O h6 10. Be3 a6 11. a4 Re8 12. h3 Be6 13. Bxe6 Rxe6 14. Nd2
Ne7 15. f3 Ng6 16. Nb3 b6 17. a5 Rb8 18. Rd2 Be7 19. Rhd1 Kh7 20. Nd5 Nxd5 21.
Rxd5 Nf8 22. c3 Bf6 23. Kc2 Kg6 24. Nd2 Bg5 25. Bf2 Be7 26. Nc4 f6 27. b4 b5
28. Nd2 Rc6 29. Kb2 Kf7 30. Nb3 Ke8 31. Bc5 Bxc5 32. Nxc5 Ne6 33. Nxe6 Rxe6 34.
Kb3 c6 35. Rd7 Re7 36. R7d6 Rc8 37. c4 Rec7 38. R1d3 Ke7 39. cxb5 axb5 40. Rd2
Ra8 41. R6d3 Ra6 42. Rd8 Raa7 43. Rg8 Kf7 44. Rdd8 c5 45. Rgf8+ Kg6 46. Rc8 c4+
47. Kc3 Rd7 48. Rfd8 Rdb7 49. Rb8 Kg5 50. Rxb7 Rxb7 51. Rd6 Kf4 52. Rb6 Ra7 53.
Rxb5 Kg3 54. Rb6 Kxg2 55. a6 Kxh3 56. b5 1-0

[Event "SR 2. liga A 2015/2016"]
[Site "?"]
[Date "2016.01.24"]
[Round "7.6"]
[White "Oprea, Erik"]
[Black "Breja, Stanislav"]
[Result "1-0"]
[WhiteElo "2123"]
[BlackElo "1992"]
[PlyCount "61"]
[EventDate "2015.??.??"]

1. c4 c6 2. d4 d5 3. e3 Nf6 4. Nc3 g6 5. Bd3 Bg7 6. f4 O-O 7. Nf3 Bg4 8. h3
Bxf3 9. Qxf3 e6 10. Bd2 Nbd7 11. O-O c5 12. Ne2 dxc4 13. Bxc4 cxd4 14. exd4 Nb6
15. Bb3 Qd7 16. Rac1 Rac8 17. Kh2 Nfd5 18. Qd3 Rfd8 19. Ng1 Rxc1 20. Rxc1 Qd6
21. Ne2 Ne7 22. Kh1 Nc6 23. Bc3 Nxd4 24. Nxd4 Bxd4 25. Rd1 Bc5 26. Qe4 Nd5 27.
f5 Qe7 28. fxe6 fxe6 29. Qe5 Nxc3 30. Bxe6+ Kf8 31. Qh8# 1-0

[Event "SR 2. liga A 2015/2016"]
[Site "?"]
[Date "2016.01.24"]
[Round "7.6"]
[White "Isa, Vlastimil"]
[Black "Sosovicka, Jakub"]
[Result "1/2-1/2"]
[WhiteElo "1939"]
[BlackElo "1806"]
[PlyCount "79"]
[EventDate "2015.??.??"]

1. e4 c5 2. Nf3 d6 3. d4 cxd4 4. Nxd4 Nf6 5. Nc3 a6 6. Be2 e5 7. Nb3 Be7 8. O-O
O-O 9. Bg5 Be6 10. Qd3 Nbd7 11. Bxf6 Nxf6 12. Rfd1 Rc8 13. Nd2 Qc7 14. Nf1 Rfd8
15. Ne3 b5 16. Rac1 Qb7 17. Ncd5 Nxd5 18. exd5 Bd7 19. c3 Bg5 20. Rc2 Bxe3 21.
fxe3 f5 22. e4 fxe4 23. Qxe4 Rf8 24. Qe3 Rf6 25. Rcd2 Rcf8 26. Rf1 Rxf1+ 27.
Bxf1 Bc8 28. Bd3 Qf7 29. Rf2 Qxf2+ 30. Qxf2 Rxf2 31. Kxf2 Bb7 32. Be4 Kf7 33.
h4 h6 34. Ke3 Ke7 35. Bf3 Kf6 36. Ke4 Bc8 37. g3 Bf5+ 38. Ke3 Bc8 39. Ke4 Bf5+
40. Ke3 1/2-1/2

[Event "SR 2. liga A 2015/2016"]
[Site "?"]
[Date "2016.01.24"]
[Round "7.6"]
[White "Ochrana, Ladislav"]
[Black "Vadila, Ondrej"]
[Result "1-0"]
[WhiteElo "1916"]
[BlackElo "1687"]
[PlyCount "79"]
[EventDate "2015.??.??"]

1. e4 c5 2. Nf3 Nc6 3. d4 cxd4 4. Nxd4 g6 5. Nc3 Bg7 6. Be3 d6 7. Be2 Nf6 8. f3
O-O 9. Qd2 Bd7 10. O-O-O Rc8 11. Nb3 Ne5 12. Bh6 Nc4 13. Bxc4 Rxc4 14. h4 Qc7
15. h5 Bc6 16. hxg6 fxg6 17. Bxg7 Kxg7 18. Nd4 Qd7 19. Nd5 Rf7 20. Nxf6 exf6
21. Ne2 Qc7 22. Nf4 Qe7 23. Nxg6 Qe6 24. Nf4 Qe5 25. Nh5+ Kg8 26. Qxd6 Qxd6 27.
Rxd6 Kf8 28. Rxf6 Bd7 29. Rxf7+ Kxf7 30. Nf4 Kg7 31. Rd1 Rc7 32. Nd5 Rc6 33.
Nb4 Rc7 34. Rd6 Bb5 35. Nd5 Rf7 36. b3 h5 37. Ne3 Kf8 38. Rh6 Be8 39. Nf5 Rc7
40. Rh8+ 1-0

[Event "SR 2. liga A 2015/2016"]
[Site "?"]
[Date "2016.01.24"]
[Round "7.6"]
[White "Kostolansky, Sebastian Lukas"]
[Black "Kosegi, Marek"]
[Result "0-1"]
[WhiteElo "1921"]
[BlackElo "1912"]
[PlyCount "146"]
[EventDate "2015.??.??"]

1. e4 c5 2. Nf3 d6 3. Bb5+ Bd7 4. Bxd7+ Qxd7 5. O-O Nc6 6. c3 Nf6 7. Re1 g6 8.
d4 cxd4 9. cxd4 d5 10. e5 Ne4 11. Nbd2 Nxd2 12. Bxd2 Bg7 13. Rc1 O-O 14. Bf4
Rac8 15. Ng5 Qf5 16. Nh3 Nb4 17. a3 Nc6 18. Rc5 Rfd8 19. Qd2 b6 20. Rc3 Na5 21.
Rec1 Nc4 22. Qc2 Qxc2 23. R1xc2 b5 24. b3 Nb6 25. Rc7 e6 26. Kf1 Bf8 27. Bc1
Rxc7 28. Rxc7 Rc8 29. Rxc8 Nxc8 30. Ke2 a5 31. Nf4 Nb6 32. Nd3 a4 33. b4 Nc4
34. Nc5 Bxc5 35. bxc5 b4 36. c6 b3 37. c7 Nb6 38. Kd3 Kf8 39. Kc3 Ke7 40. c8=Q
Nxc8 41. Kb4 Nb6 42. Kb5 Nc4 43. Kxa4 b2 44. Bxb2 Nxb2+ 45. Kb5 Kd7 46. a4 Kc7
47. a5 Nd3 48. a6 h5 49. f3 h4 50. g3 h3 51. a7 Kb7 52. a8=Q+ Kxa8 53. Kc6
Nxe5+ 54. dxe5 d4 55. Kd6 d3 56. Ke7 d2 57. Kxf7 d1=Q 58. Kxe6 Qd8 59. Kf7 Qd7+
60. Kf6 Qe8 61. f4 Kb7 62. g4 Kc6 63. f5 gxf5 64. gxf5 Kd5 65. e6 Qf8+ 66. Kg5
Ke5 67. e7 Qxe7+ 68. Kg4 Qh7 69. Kf3 Qxf5+ 70. Kg3 Ke4 71. Kh4 Qg6 72. Kxh3 Kf4
73. Kh4 Qg4# 0-1

[Event "SR 2. liga A 2015/2016"]
[Site "?"]
[Date "2016.02.13"]
[Round "8.1"]
[White "Sosna, Jan"]
[Black "Duben, Igor"]
[Result "1/2-1/2"]
[WhiteElo "2353"]
[BlackElo "2208"]
[PlyCount "46"]
[EventDate "2015.??.??"]

1. d4 d5 2. Nf3 Nf6 3. Bf4 Bf5 4. e3 e6 5. Be2 Be7 6. Nh4 Bg6 7. Nd2 Bd6 8. Bg3
Qe7 9. O-O Bxg3 10. hxg3 O-O 11. Nxg6 hxg6 12. c4 c6 13. Rc1 Nbd7 14. a3 dxc4
15. Nxc4 e5 16. dxe5 Nxe5 17. Qd6 Rfe8 18. Rfd1 Nxc4 19. Bxc4 Qxd6 20. Rxd6
Red8 21. Rcd1 Rxd6 22. Rxd6 Kf8 23. Rd3 Ke7 1/2-1/2

[Event "SR 2. liga A 2015/2016"]
[Site "?"]
[Date "2016.02.13"]
[Round "8.1"]
[White "Oprea, Erik"]
[Black "Mudrak, Josef"]
[Result "0-1"]
[WhiteElo "2118"]
[BlackElo "2266"]
[PlyCount "216"]
[EventDate "2015.??.??"]

1. c4 e5 2. Nc3 Nf6 3. g3 c6 4. d4 d6 5. Bg2 Be7 6. e4 Bg4 7. f3 Bc8 8. Be3 O-O
9. Nge2 a6 10. d5 b5 11. b3 b4 12. Na4 c5 13. Nb2 a5 14. O-O Nbd7 15. g4 Nb6
16. Qd2 a4 17. Nd3 Qc7 18. Ng3 Ra6 19. Rfc1 Qa7 20. Rab1 Rd8 21. Bf1 h6 22. h4
Nh7 23. Qh2 axb3 24. axb3 Ra2 25. Nf2 Qa3 26. Bd3 Rb2 27. Rxb2 Qxb2 28. Rb1 Qa2
29. Ne2 Nd7 30. Kg2 Ndf8 31. Qh1 Qa7 32. Ra1 Qc7 33. Ra2 Ng6 34. h5 Nh4+ 35.
Kg3 Bg5 36. Bxg5 hxg5 37. Qa1 Qe7 38. Nh3 Qf6 39. Neg1 g6 40. h6 Qe7 41. Ra7
Bd7 42. Rb7 Nf8 43. Ne2 f6 44. Qa5 Kh7 45. Qa7 Kxh6 46. Kf2 Qe8 47. Qb6 Bc8 48.
Ra7 Rd7 49. Ra8 Qd8 50. Qc6 Rc7 51. Qa4 Qd7 52. Qxd7 Nxd7 53. Ra1 Nb6 54. Ng3
Bb7 55. Ra7 Nc8 56. Ra2 Ne7 57. Ra7 Rd7 58. Nf1 Bc8 59. Rxd7 Bxd7 60. Kg3 f5
61. Ng1 Ng8 62. Nd2 Nf6 63. Be2 Nh5+ 64. gxh5 f4+ 65. Kh2 gxh5 66. Nf1 g4 67.
Bd1 Kg5 68. Be2 g3+ 69. Kh1 g2+ 70. Kh2 gxf1=Q 71. Bxf1 Nf5 72. exf5 Bxf5 73.
Ne2 e4 74. fxe4 Bxe4 75. Nc1 h4 76. Bd3 Kf5 77. Kh3 f3 78. Kxh4 Kf4 79. Bf1 Ke3
80. Kg5 Kd2 81. Na2 Bd3 82. Bh3 Bxc4 83. Nxb4 Bxb3 84. Na6 Bxd5 85. Kf6 Bb7 86.
Nc7 c4 87. Nb5 c3 88. Nxd6 c2 89. Nxb7 c1=Q 90. Nd6 f2 91. Nc4+ Ke1 92. Ke5
f1=Q 93. Bxf1 Kxf1 94. Ne3+ Kf2 95. Nf5 Qc5+ 96. Ke6 Kf3 97. Nd6 Kf4 98. Nf7
Qc6+ 99. Nd6 Qc5 100. Nf7 Qf5+ 101. Ke7 Qg6 102. Nd6 Ke5 103. Nf7+ Kd5 104. Nd8
Qh7+ 105. Nf7 Qg7 106. Ke8 Ke6 107. Nd8+ Kf6 108. Nc6 Qc7 0-1

[Event "SR 2. liga A 2015/2016"]
[Site "?"]
[Date "2016.02.13"]
[Round "8.1"]
[White "Hudacek, Josef"]
[Black "Sosovicka, Jakub"]
[Result "1/2-1/2"]
[WhiteElo "2059"]
[BlackElo "1819"]
[PlyCount "108"]
[EventDate "2015.??.??"]

1. e4 c5 2. Ne2 d6 3. g3 Nc6 4. Bg2 g6 5. d3 Bg7 6. c3 Nf6 7. Nd2 O-O 8. O-O d5
9. h3 dxe4 10. dxe4 Ne5 11. f4 Nd3 12. Nc4 Be6 13. Ne3 Nxc1 14. Rxc1 Qb6 15. b3
Rfd8 16. Qc2 Rac8 17. c4 Rc7 18. Nc3 Qa5 19. Ncd5 Nxd5 20. Nxd5 Bxd5 21. exd5
Qa6 22. Rce1 Rd6 23. Re2 e6 24. Rfe1 Bd4+ 25. Kh2 exd5 26. Bxd5 Bf6 27. h4 Kg7
28. Re8 Rdd7 29. Qg2 b5 30. R1e4 Re7 31. Qe2 Rxe4 32. Rxe4 b4 33. Kg2 Qd6 34.
h5 Re7 35. hxg6 hxg6 36. Kf3 Rxe4 37. Qxe4 Qe7 38. g4 Qxe4+ 39. Kxe4 Bd4 40. f5
g5 41. Bc6 Kf6 42. Kd5 Ke7 43. Bb5 f6 44. Kc6 Be3 45. Ba6 Bd4 46. Bc8 Be3 47.
Be6 Bd4 48. Bd5 Be3 49. Be4 Bd4 50. Bb1 Be3 51. Kc7 Bd4 52. Be4 Be3 53. Bd5 Bd4
54. Be6 Be3 1/2-1/2

[Event "SR 2. liga A 2015/2016"]
[Site "?"]
[Date "2016.02.13"]
[Round "8.1"]
[White "Szollos, Ondrej"]
[Black "Vepy, Ivan"]
[Result "1/2-1/2"]
[WhiteElo "2048"]
[BlackElo "1920"]
[PlyCount "120"]
[EventDate "2015.??.??"]

1. Nf3 d5 2. d3 Nf6 3. c3 e6 4. Qc2 Be7 5. e4 c5 6. Be2 Nc6 7. Bg5 O-O 8. Nbd2
Bd7 9. h3 Rc8 10. O-O h6 11. Bh4 Nh5 12. Bxe7 Qxe7 13. Rfe1 Nf4 14. Nf1 d4 15.
e5 f6 16. exf6 Qxf6 17. Ng3 Ne5 18. Nxe5 Qxe5 19. Bg4 Qg5 20. Qd1 Rce8 21. Kh2
Bc6 22. Ne4 Qg6 23. g3 h5 24. gxf4 hxg4 25. Qxg4 Qh6 26. Kg3 e5 27. f5 Bd7 28.
Qg5 Qxg5+ 29. Nxg5 Rxf5 30. h4 Ref8 31. f3 Bc6 32. Rf1 c4 33. cxd4 cxd3 34.
dxe5 Rxe5 35. Rad1 a5 36. Rf2 Bb5 37. Rdd2 Rfe8 38. a3 Re1 39. Ne4 Re6 40. h5
Rh6 41. Rh2 Re6 42. Nc5 R6e3 43. a4 Bc6 44. Rhf2 Rg1+ 45. Kf4 Re7 46. Rxd3 Rf7+
47. Ke3 Rg5 48. Ne4 Rxh5 49. Rg2 Re5 50. Rd8+ Rf8 51. Rd4 Rfe8 52. Rg4 b5 53.
axb5 Rxb5 54. Rg2 Bxe4 55. fxe4 Rb3+ 56. Rd3 Reb8 57. Rxb3 Rxb3+ 58. Kd4 Kf7
59. Kd5 a4 60. e5 a3 1/2-1/2

[Event "SR 2. liga A 2015/2016"]
[Site "?"]
[Date "2016.02.13"]
[Round "8.1"]
[White "Hrubsa, Marian"]
[Black "Ochrana, Ladislav"]
[Result "0-1"]
[WhiteElo "1827"]
[BlackElo "1917"]
[PlyCount "140"]
[EventDate "2015.??.??"]

1. e4 e6 2. d4 d5 3. Nd2 dxe4 4. Nxe4 Nf6 5. Bd3 Nbd7 6. Nf3 Be7 7. O-O O-O 8.
c3 b6 9. Qc2 Bb7 10. Neg5 h6 11. Ne4 c5 12. Be3 Qc7 13. Rad1 c4 14. Nxf6+ Nxf6
15. Be2 Bd6 16. h3 Ne4 17. Nd2 Nxd2 18. Qxd2 Bd5 19. f4 b5 20. f5 exf5 21. Rxf5
Bh2+ 22. Kh1 Bxg2+ 23. Kxg2 Qg3+ 24. Kh1 Bg1 25. Bg4 Bxe3 26. Qh2 Qxh2+ 27.
Kxh2 Rab8 28. Rc5 Rfd8 29. Rf1 g6 30. Rf6 Kg7 31. Rf1 f5 32. Rc7+ Kh8 33. Be2
a5 34. Rc6 Kg7 35. Rc7+ Kf6 36. Rc6+ Kf7 37. Rc7+ Ke6 38. Rc6+ Rd6 39. Rc5 Ke7
40. h4 Re6 41. Bd1 Bc1 42. Rf2 Re1 43. Bf3 Bf4+ 44. Kg2 Bd6 45. Rc6 Re3 46. Ra6
a4 47. a3 g5 48. Ra7+ Kf6 49. Rh7 Bf8 50. hxg5+ hxg5 51. Rd7 f4 52. Bd5 Be7 53.
Bc6 Rb6 54. Bd5 Kf5 55. Bg8 Bd6 56. Rf7+ Kg6 57. Rd7 g4 58. Bh7+ Kh6 59. Bc2
f3+ 60. Kf1 Be7 61. Rh2+ Kg5 62. Rd5+ Kf4 63. Rf5+ Kg3 64. Rh1 Re2 65. Rg1+ Rg2
66. Re5 Rxg1+ 67. Kxg1 Rh6 68. Be4 Bd6 69. Re8 Bf4 70. Ba8 Rh2 0-1